Plats avec du Chou - Mort Subite - Statistiques

Statistiques générales
  • Ce quiz a été pris 95 fois
  • Le résultat moyen est 5 sur 16
Answers on the Grid
Answers color-coded by a green-red scale on the quiz's grid according to % correct below.
Cigare au chou
Hot-dog "all-dressed" de Montréal
Potée lorraine
Riz frit au kimchi
Fårikål
Bubble and squeak
Cassoeula
Shchi
Poêlée de choux de Bruxelles aux lardons
Sha phaley
Chimichurri burger / Burger dominicain
Garbure
Pikliz
Choucroute garnie
Salade malfouf
Kaalilaatikko
Champ
Bifteck à la florentine
Salade caprese
Salade César
Hachis parmentier
Bulgogi
Hummus
Office burger
Kaiserschmarrn
Linsen mit Spätzle
Badische Schneckensuppe
Rostbrätel
 
Statistiques - réponses
Réponse % Correct
Poêlée de choux de Bruxelles aux lardons
82%
Choucroute garnie
75%
Cigare au chou
75%
Potée lorraine
52%
Riz frit au kimchi
41%
Hot-dog "all-dressed" de Montréal
25%
Chimichurri burger / Burger dominicain
23%
Garbure
21%
Salade malfouf
21%
Shchi
15%
Pikliz
13%
Fårikål
11%
Kaalilaatikko
10%
Sha phaley
10%
Cassoeula
5%
Bubble and squeak
3%
Aucun quiz correspondant
Distribution des résultats
% des personnes avec chaque résultat
Percentile par nombre de réponses
Votre historique - résultats
Vous n’avez pas pris ce quiz